Find the city based on its team's name - Statistics

General Stats
  • This quiz has been taken 11 times
  • The average score is 7 of 15
Answer Stats
Hint Answer % Correct
Red Sox Boston
82%
Yankees New York
82%
Ravens Baltimore
73%
Hawks Atlanta
64%
Canadiens Montreal
64%
76ers Philadelphia
64%
Senators Ottawa
55%
Blue Jays Toronto
55%
Knights Las Vegas
36%
Red Devils Manchester
36%
Gunners London
27%
Toffees Liverpool
18%
Brumbies Canberra
0%
Stormers Cap Town
0%
Crusaders Christchurch
0%
No matching quizzes found
Score Distribution
Percent of People with Each Score
Percentile by Number Answered
Your Score History
You have not taken this quiz